Państwa Europy według dwóch ostatnich liter - Statystyki

Ogólne statystyki
  • Ten quiz został rozwiązany 1 242 razy
    1 114 od ostatniego zresetowania
  • Średni wynik to 40 z 45
Statystyki odpowiedzi
państwo % Poprawnych
Albania
99%
Austria
99%
Belgia
99%
Bułgaria
99%
Dania
99%
Estonia
99%
Finlandia
99%
Hiszpania
99%
Holandia
99%
Irlandia
99%
Islandia
99%
Mołdawia
99%
Norwegia
99%
Portugalia
99%
Rumunia
99%
Serbia
99%
Słowenia
99%
Szwajcaria
99%
Wielka Brytania
99%
Polska
98%
Chorwacja
97%
Francja
97%
Grecja
97%
Rosja
97%
Słowacja
97%
Szwecja
97%
Czechy
89%
Włochy
89%
Andora
86%
Czarnogóra
86%
Bośnia i Hercegowina
85%
Macedonia Północna
85%
Ukraina
85%
Watykan
82%
Niemcy
80%
Litwa
79%
Łotwa
79%
Liechtenstein
75%
San Marino
73%
Białoruś
70%
Luksemburg
69%
Kosowo
66%
Monako
66%
Malta
62%
Węgry
61%
Nie znaleziono quizów pasujących do podanych kryteriów
Rozkład punktacji
Procent ludzi z każdym wynikiem
Percentyl według liczby udzielonych odpowiedzi
Twoja historia wyników
Nie rozwiązałeś tego quizu od ostatniego zresetowania